| 000 | 01280naa a22003137a 4500 | ||
|---|---|---|---|
| 001 | BR9404525 | ||
| 003 | BR-BrBNA | ||
| 005 | 20240918181228.0 | ||
| 007 | ta | ||
| 008 | 230509b bl.||||| |||| 00| 0 por d | ||
| 040 |
_aBR-BrBNA _bpor _cBiblioteca Nacional de Agricultura |
||
| 041 | _a(Pt) | ||
| 072 | _aF08; E16 | ||
| 090 | _aF08 BR9404525 | ||
| 100 | 1 | _aMontoya, L.J. | |
| 100 | 1 | _aBaggio, A.J. | |
| 111 | 1 |
_a2. Encontro Brasileiro de Economia e Planejamento Florestal _cCuritiba, PR (Brazil) _d30 Sep - 4 Oct 1991 |
|
| 245 | 1 | _aEstudo economico da introducao de mudas altas para sombreamento de pastagens | |
| 260 | 3 |
_aColombo, PR (Brasil): _c1992. |
|
| 500 | _a2. Encontro Brasileiro de Economia e Planejamento Florestal. Anais. V. 1: Sistemas agroflorestais no Brasil: aspectos tecnicos e economicos Colombo, PR (Brasil): 1992. p. 171-190 (BR9404525-AM)F08 | ||
| 650 | _aArvore Florestal | ||
| 650 | _aMuda | ||
| 650 | _aPastagem | ||
| 650 | _aSombreamento | ||
| 650 | _aCusto | ||
| 773 | 0 |
_t2. Encontro Brasileiro de Economia e Planejamento Florestal. Anais. V. 1: Sistemas agroflorestais no Brasil: aspectos tecnicos e economicos _wF08 BR9404525 _gColombo, PR (Brasil), 1992. p. 171-190 |
|
| 909 |
_a202404 _bLucia _c55 _dLucia Elande |
||
| 942 |
_cAM _2AGRIS |
||
| 999 |
_c324238 _d324238 |
||